01102cam a2200289 a 450000100090000000300040000900500170001300800410003001000170007102000150008804000180010305000230012110000190014424500390016325000120020226000350021430000210024965500260027065500290029685600990032585600770042485600920050190600450059394200380063899900170067695201190069313179705OSt20180727020009.0030429s2003 nyu 000 1 eng  a 2003269436 a0385508042 aDLCcDLCdDLC00aPS 3557.R5355 20031 aGrisham, John.14aThe king of torts /cJohn Grisham. a1st ed. aNew York :bDoubleday,cc2003. a376 p. ;c25 cm. 7aLegal stories.2gsafd 7aSuspense fiction.2gsafd423Contributor biographical informationuhttp://www.loc.gov/catdir/bios/random051/2003269436.html413Sample textuhttp://www.loc.gov/catdir/samples/random051/2003269436.html423Publisher descriptionuhttp://www.loc.gov/catdir/description/random0413/2003269436.html a7bcbccorigcopd3encipf20gy-gencatlg 2lcccBOOKShPS 3557.R5355 200301 c11094d11094 00102lcc4070aMUCbMUCcSPEd2016-03-23l3oPS 3557.R5355 2003p11900r2022-05-23s2022-05-17w2016-03-23yBOOK